[Event "Belgrade-chT2 Quality"]
[Site "Belgrade"]
[Date "2022.11.12"]
[Round "10.3"]
[White "Jakovljevic, Vladimir"]
[Black "Janjic, Jugoslav"]
[Result "0-1"]
[WhiteElo "1971"]
[BlackElo "2106"]
[PlyCount "81"]
[EventDate "2022.10.15"]
[EventType "team-tourn"]
[EventRounds "13"]
[EventCountry "SRB"]
[SourceTitle "EXT 2024"]
[Source "ChessBase"]
[SourceDate "2023.10.10"]
[SourceVersion "1"]
[SourceVersionDate "2023.10.10"]
[SourceQuality "1"]
[WhiteTeam "Zvezdara Cirilo i Metodije"]
[BlackTeam "Novi Belgrade Technicka"]
[WhiteTeamCountry "SRB"]
[BlackTeamCountry "SRB"]

1. d4 Nf6 2. c4 g6 3. Nc3 d5 4. Nf3 Bg7 5. Qb3 dxc4 6. Qxc4 0-0 7. e4 c6 8. Be2 b6 9. Qa4 a5 10. 0-0 Bd7 11. Qc2 Na6 12. a3 Nc7 13. Ne5 Ne6 14. Be3 Qc7 15. f4 c5 16. Nd5 Qd6 17. Nc4 Nxd5 18. Nxd6 Nxe3 19. Qd3 Nxf1 20. Nc4 Nxf4 21. Qf3 Bxd4+ 22. Kxf1 Nxe2 23. Qxe2 Bb5 24. Rc1 e5 25. a4 Ba6 26. Ke1 f5 27. exf5 Rxf5 28. Qe4 Raf8 29. Ne3 Rf2 30. Qd5+ Kg7 31. Rc2 R2f4 32. Rc3 R8f7 33. Kd1 Bb7 34. Qe6 R4f6 35. Qe8 Be4 36. Qb8 Rd7 37. Ke1 Rdf7 38. Kd1 Rf2 39. Qxb6 Bxc3 40. bxc3 Rb7 41. Qxb7+ 0-1

[Event "Belgrade Premier League"]
[Site "Belgrade"]
[Date "2021.10.04"]
[Round "4.3"]
[White "Velickovic, Sasa"]
[Black "Janjic, Jugoslav"]
[Result "1-0"]
[WhiteElo "2236"]
[BlackElo "2107"]
[PlyCount "101"]
[EventDate "2021.10.01"]
[EventType "team-tourn"]
[EventRounds "11"]
[EventCountry "SRB"]
[SourceTitle "CBM 204 Extra"]
[Source "ChessBase"]
[SourceDate "2021.11.30"]
[SourceVersion "1"]
[SourceVersionDate "2021.11.30"]
[SourceQuality "1"]
[WhiteTeam "Belgrade Crvena Zvezda"]
[BlackTeam "Belgrade Tehnicka Skola"]
[WhiteTeamCountry "SRB"]
[BlackTeamCountry "SRB"]

1. e4 c5 2. Nf3 Nc6 3. Nc3 g6 4. d4 cxd4 5. Nxd4 Bg7 6. Be3 Nf6 7. Bc4 0-0 8. Bb3 Ng4 9. Qxg4 Nxd4 10. Qd1 Nxb3 11. axb3 d6 12. Bd4 a6 13. Bxg7 Kxg7 14. Qd4+ f6 15. h4 h5 16. 0-0-0 Be6 17. f3 Qa5 18. Kb1 Rac8 19. Nd5 Bxd5 20. exd5 Qc5 21. Qe4 Rc7 22. g4 f5 23. gxf5 Rxf5 24. Rhg1 Rf6 25. Rg2 Qb5 26. Rdg1 Qe8 27. Rg5 Kh6 28. f4 Qf7 29. Qg2 e6 30. dxe6 Rxe6 31. f5 gxf5 32. Qd2 Kh7 33. Qf4 Rf6 34. Qf3 Kh6 35. Rg8 Kh7 36. R8g5 Kh6 37. Qf4 Kh7 38. Rd1 Rd7 39. Qf3 Kh6 40. Rd5 Qe8 41. Qf4 Kh7 42. Rgxf5 Rh6 43. Rf6 Rxf6 44. Qxf6 Qg6 45. Qf3 Kh6 46. Rg5 Qe8 47. Qf4 Kh7 48. Qf5+ Kh6 49. Qf4 Kh7 50. Ka2 Qf7 51. Rf5 1-0

[Event "Belgrade Premier League"]
[Site "Belgrade"]
[Date "2021.10.01"]
[Round "1.6"]
[White "Janjic, Jugoslav"]
[Black "Biocanin, Goran"]
[Result "1/2-1/2"]
[WhiteElo "2107"]
[BlackElo "2229"]
[PlyCount "125"]
[EventDate "2021.10.01"]
[EventType "team-tourn"]
[EventRounds "11"]
[EventCountry "SRB"]
[SourceTitle "CBM 204 Extra"]
[Source "ChessBase"]
[SourceDate "2021.11.30"]
[SourceVersion "1"]
[SourceVersionDate "2021.11.30"]
[SourceQuality "1"]
[WhiteTeam "Belgrade Tehnicka Skola"]
[BlackTeam "Belgrade"]
[WhiteTeamCountry "SRB"]
[BlackTeamCountry "SRB"]

1. Nf3 c5 2. g3 Nc6 3. d4 cxd4 4. Nxd4 e5 5. Nxc6 dxc6 6. Nd2 Be6 7. Bg2 Qc7 8. c3 Nf6 9. Qa4 Be7 10. 0-0 0-0 11. Nb3 a5 12. c4 Rfc8 13. Bg5 b6 14. Rac1 h6 15. Bxf6 Bxf6 16. Nd2 Rab8 17. Qc2 g6 18. b3 Bf5 19. Be4 Bg4 20. Rfe1 Bg7 21. Bg2 Bf5 22. Be4 Be6 23. Bg2 Rd8 24. Red1 f5 25. Nf1 e4 26. Rxd8+ Rxd8 27. Rd1 Bd4 28. e3 Bf6 29. g4 Rxd1 30. Qxd1 Qd7 31. Qxd7 Bxd7 32. gxf5 gxf5 33. Ng3 Be5 34. Bh3 Bxg3 35. hxg3 Kf7 36. Kf1 b5 37. Ke1 Kf6 38. Kd2 b4 39. Kc2 Be6 40. Kd2 a4 41. Kc2 a3 42. Kc1 c5 43. Kc2 Bf7 44. Kc1 Bh5 45. Kd2 Kg5 46. Ke1 Bf7 47. Bf1 h5 48. Be2 h4 49. gxh4+ Kxh4 50. Bd1 Kg5 51. Bc2 Bh5 52. Bb1 Bf3 53. Bc2 f4 54. Kd2 Kf5 55. Bb1 Bg2 56. Bc2 Kg4 57. Bd1+ Bf3 58. Bc2 Kf5 59. Bb1 Bh1 60. Bc2 Bg2 61. Bd1 Bf1 62. Bc2 Ke5 63. Bb1 1/2-1/2

[Event "Belgrade-chT Quality"]
[Site "Belgrade"]
[Date "2020.11.06"]
[Round "7.3"]
[White "Janjic, Jugoslav"]
[Black "Vulinovic, Radivoje"]
[Result "1/2-1/2"]
[WhiteElo "2089"]
[BlackElo "2193"]
[PlyCount "88"]
[EventDate "2020.10.09"]
[EventType "team-tourn"]
[EventRounds "9"]
[EventCountry "SRB"]
[SourceTitle "EXT 2022"]
[Source "ChessBase"]
[SourceDate "2021.10.06"]
[SourceVersion "1"]
[SourceVersionDate "2021.10.06"]
[SourceQuality "1"]
[WhiteTeam "Belgrade Tehnicka Skola"]
[BlackTeam "Belgrade Napredak"]
[WhiteTeamCountry "SRB"]
[BlackTeamCountry "SRB"]

1. Nf3 d5 2. g3 Nf6 3. Bg2 e6 4. c4 Be7 5. d4 0-0 6. 0-0 dxc4 7. Qc2 a6 8. Qxc4 b5 9. Qc2 Bb7 10. Bd2 Bd6 11. Bg5 Nbd7 12. Rd1 h6 13. Bxf6 Nxf6 14. Ne5 Bxg2 15. Kxg2 Bxe5 16. dxe5 Nd5 17. e4 Nb4 18. Qb3 Qe7 19. a3 Nc6 20. Qc3 Nb8 21. b4 Rc8 22. a4 a5 23. Qc5 Qxc5 24. bxc5 b4 25. Nd2 Na6 26. Nb3 Nb8 27. f4 Kf8 28. Kf3 Nc6 29. Rd7 Ke8 30. Rad1 Rd8 31. Rxd8+ Nxd8 32. Ke3 Nb7 33. Rd3 Ra6 34. Kd4 Ra8 35. Kc4 c6 36. g4 Ke7 37. h4 Rg8 38. Nd4 Nd8 39. Nb3 Nb7 40. Nd4 Nd8 41. f5 Rf8 42. Rf3 Kd7 43. Nb3 Nb7 44. Rd3+ Kc7 1/2-1/2

[Event "Belgrade-chT Quality"]
[Site "Belgrade"]
[Date "2020.10.24"]
[Round "5.3"]
[White "Janjic, Jugoslav"]
[Black "Maksimovic, Milorad M"]
[Result "1-0"]
[WhiteElo "2089"]
[BlackElo "2068"]
[PlyCount "87"]
[EventDate "2020.10.09"]
[EventType "team-tourn"]
[EventRounds "9"]
[EventCountry "SRB"]
[SourceTitle "EXT 2022"]
[Source "ChessBase"]
[SourceDate "2021.10.06"]
[SourceVersion "1"]
[SourceVersionDate "2021.10.06"]
[SourceQuality "1"]
[WhiteTeam "Belgrade Tehnicka Skola"]
[BlackTeam "Belgrade NBSK"]
[WhiteTeamCountry "SRB"]
[BlackTeamCountry "SRB"]

1. Nf3 e6 2. g3 f5 3. Bg2 Nf6 4. c4 Be7 5. b3 0-0 6. 0-0 d6 7. Bb2 e5 8. d3 Qe8 9. Nc3 Qh5 10. Qc2 Nc6 11. Nd5 Bd8 12. d4 e4 13. Nf4 Qh6 14. Ne1 g5 15. Nd5 Ne7 16. Nxf6+ Rxf6 17. d5 Rf7 18. f3 exf3 19. Nxf3 Ng6 20. Nd4 f4 21. Ne6 Bd7 22. e3 Bf6 23. exf4 gxf4 24. Bxf6 Rxf6 25. Nxc7 Raf8 26. Qc3 Ne5 27. Rxf4 Rxf4 28. gxf4 Rxf4 29. Ne6 Rg4 30. h3 Rg6 31. Rf1 Bxe6 32. dxe6 Qg5 33. Qc2 Rxe6 34. Qf2 Qg7 35. Qxa7 Re8 36. Qxb7 Qg3 37. Qd5+ Kh8 38. Qd4 Rg8 39. Qf2 Qd3 40. Kh2 Rg7 41. Bd5 h6 42. Qf8+ Kh7 43. Qf5+ Qxf5 44. Rxf5 1-0

[Event "Belgrade-chT Quality"]
[Site "Belgrade"]
[Date "2020.10.10"]
[Round "2.3"]
[White "Janjic, Jugoslav"]
[Black "Jovicic, Dragomir"]
[Result "0-1"]
[WhiteElo "2089"]
[BlackElo "2108"]
[PlyCount "70"]
[EventDate "2020.10.09"]
[EventType "team-tourn"]
[EventRounds "9"]
[EventCountry "SRB"]
[SourceTitle "EXT 2022"]
[Source "ChessBase"]
[SourceDate "2021.10.06"]
[SourceVersion "1"]
[SourceVersionDate "2021.10.06"]
[SourceQuality "1"]
[WhiteTeam "Belgrade Tehnicka Skola"]
[BlackTeam "Belgrade Borca"]
[WhiteTeamCountry "SRB"]
[BlackTeamCountry "SRB"]

1. Nf3 c5 2. c4 Nc6 3. d4 cxd4 4. Nxd4 g6 5. Nc3 Bg7 6. Nxc6 Bxc3+ 7. bxc3 dxc6 8. Qd4 Nf6 9. Bh6 Bf5 10. f3 Qa5 11. e4 Rd8 12. Qe3 Be6 13. Be2 Nd7 14. 0-0 Qc5 15. Qd4 f6 16. Be3 b6 17. f4 Qa3 18. Rfd1 0-0 19. f5 gxf5 20. Bh6 Rfe8 21. Bh5 Bf7 22. Bxf7+ Kxf7 23. exf5 Qc5 24. Bf4 Qxd4+ 25. cxd4 e5 26. fxe6+ Kxe6 27. Rd2 Kf7 28. Kf2 Re4 29. Kf3 Rde8 30. Rad1 f5 31. Rd3 Nf6 32. Re3 b5 33. Ra3 bxc4 34. Rxa7+ Ke6 35. Rc7 Rxf4+ 0-1

[Event "Belgrade Trophy 33rd"]
[Site "Belgrade"]
[Date "2019.11.25"]
[Round "2"]
[White "Janjic, Jugoslav"]
[Black "Ravic, Nenad"]
[Result "0-1"]
[WhiteElo "2070"]
[BlackElo "2304"]
[PlyCount "116"]
[EventDate "2019.11.24"]
[EventType "swiss"]
[EventRounds "9"]
[EventCountry "SRB"]
[SourceTitle "CBM 193 Extra"]
[Source "ChessBase"]
[SourceDate "2020.01.31"]
[SourceVersion "1"]
[SourceVersionDate "2020.01.31"]
[SourceQuality "1"]

1. Nf3 Nf6 2. d4 g6 3. c4 Bg7 4. Nc3 0-0 5. g3 d6 6. Bg2 Nc6 7. 0-0 a6 8. b3 Rb8 9. Bb2 b5 10. Qd3 Bf5 11. e4 Bg4 12. cxb5 axb5 13. Nxb5 Nb4 14. Qc4 Nxe4 15. Qxb4 c6 16. Qe1 Bxf3 17. Bxf3 Ng5 18. Bxc6 Rxb5 19. Qc1 Rf5 20. Kg2 Ne6 21. d5 Bxb2 22. Qxb2 Qb6 23. Rad1 Re5 24. Rfe1 Nd4 25. Rxe5 dxe5 26. Qc3 Rc8 27. Qe3 Qc7 28. Rc1 Qd6 29. Rc4 e6 30. f4 exd5 31. fxe5 Nf5 32. Qf3 Qxe5 33. Bxd5 Ne3+ 34. Kf2 Nxc4 35. Qxf7+ Kh8 36. Bxc4 Rd8 37. Qe6 Rd2+ 38. Kf3 Qxe6 39. Bxe6 Rxa2 40. h4 Kg7 41. g4 Kf6 42. Bc4 h6 43. Kf4 g5+ 44. hxg5+ hxg5+ 45. Ke4 Rg2 46. Kf3 Rg1 47. Be2 Rb1 48. Bc4 Ke5 49. Ke3 Rc1 50. Bd3 Rc3 51. b4 Ra3 52. b5 Rb3 53. Kd2 Kf4 54. Be2 Rb2+ 55. Kd1 Ke3 56. Bc4 Rb4 57. Be2 Rd4+ 58. Ke1 Rd2 0-1

[Event "Belgrade-chT Quality"]
[Site "Belgrade"]
[Date "2019.10.05"]
[Round "1.3"]
[White "Janjic, Jugoslav"]
[Black "Tosic, Srecko"]
[Result "1/2-1/2"]
[WhiteElo "2070"]
[BlackElo "2309"]
[PlyCount "135"]
[EventDate "2019.10.05"]
[EventType "team-tourn"]
[EventRounds "11"]
[EventCountry "SRB"]
[SourceTitle "EXT 2022"]
[Source "ChessBase"]
[SourceDate "2021.10.06"]
[SourceVersion "1"]
[SourceVersionDate "2021.10.06"]
[SourceQuality "1"]
[WhiteTeam "Belgrade Tehnicka Skola"]
[BlackTeam "Bogoslov"]
[WhiteTeamCountry "SRB"]
[BlackTeamCountry "SRB"]

1. Nf3 d5 2. g3 Nf6 3. Bg2 e6 4. 0-0 Be7 5. b3 0-0 6. Bb2 a5 7. a4 Na6 8. d3 b6 9. Nbd2 Bb7 10. Ne5 Nc5 11. e3 c6 12. f4 Qc7 13. Ndf3 Ne8 14. Bh3 Bf6 15. Rb1 Nd6 16. g4 Be7 17. g5 Nf5 18. Ng4 Rfd8 19. Qe1 Bf8 20. Qc3 Bc8 21. Nf6+ gxf6 22. Bxf5 d4 23. Nxd4 exf5 24. Nxf5 Nd7 25. Rf3 Bb4 26. Nh6+ Kf8 27. Qc4 Nc5 28. f5 Ke8 29. Bxf6 Rd5 30. Qh4 Nd7 31. Bg7 Be7 32. Qh5 Ne5 33. Bxe5 Qxe5 34. Nxf7 Qc3 35. f6 Bb4 36. Nd6+ Kd8 37. Qe8+ Kc7 38. Qf7+ Kb8 39. Nxc8 Rxg5+ 40. Rg3 Rxg3+ 41. hxg3 Kxc8 42. Rf1 Qe5 43. Rf3 Qd5 44. Qxd5 cxd5 45. Rf5 d4 46. exd4 Kd7 47. Kf2 Ke6 48. Rh5 Rf8 49. Rxh7 Rxf6+ 50. Ke2 Kd5 51. Rd7+ Kc6 52. Rd8 Kc7 53. Re8 Bc3 54. Re4 Rh6 55. Rh4 Rxh4 56. gxh4 Bxd4 57. Kd2 Kd6 58. c3 Bf6 59. h5 Kd5 60. b4 Bg7 61. Kc2 Bh6 62. Kb3 Bd2 63. Kc2 Bh6 64. Kd1 Bf8 65. bxa5 bxa5 66. Ke2 Bg7 67. Kd2 Bh6+ 68. Kc2 1/2-1/2

[Event "Belgrade ChessAmateur op 5th"]
[Site "Belgrade"]
[Date "2019.01.10"]
[Round "9"]
[White "Theoharidis, Georgios"]
[Black "Janjic, Jugoslav"]
[Result "0-1"]
[WhiteElo "1816"]
[BlackElo "2046"]
[PlyCount "80"]
[EventDate "2019.01.04"]
[EventType "swiss"]
[EventRounds "9"]
[EventCountry "SRB"]
[SourceTitle "CBM 188 Extra"]
[Source "ChessBase"]
[SourceDate "2019.02.26"]
[SourceVersion "1"]
[SourceVersionDate "2019.02.26"]
[SourceQuality "1"]

1. e4 c5 2. Nf3 Nc6 3. d4 cxd4 4. Nxd4 Nf6 5. Nc3 g6 6. Nxc6 bxc6 7. e5 Ng8 8. Bc4 Bg7 9. Bf4 f5 10. 0-0 e6 11. Qd6 g5 12. Be3 Nh6 13. f4 Nf7 14. Qd1 gxf4 15. Bxf4 0-0 16. Re1 Qa5 17. Qe2 Qb6+ 18. Be3 Qxb2 19. Bd4 Qa3 20. Rab1 d6 21. Nd1 Bxe5 22. Bxe5 Qc5+ 23. Bd4 Qxd4+ 24. Kh1 d5 25. Bb3 e5 26. Nf2 e4 27. Nh3 Kh8 28. Nf4 Qf6 29. Rbd1 a5 30. a4 Ba6 31. Qf2 Ne5 32. Nh5 Ng4 33. Qc5 Qe5 34. g3 e3 35. Kg1 e2 36. Rb1 Qe4 37. Nf4 d4 38. Bd5 cxd5 39. Nxd5 Rad8 40. Nf4 Qe3+ 0-1

[Event "Belgrade ChessAmateur op 5th"]
[Site "Belgrade"]
[Date "2019.01.09"]
[Round "8"]
[White "Janjic, Jugoslav"]
[Black "Djokic, Mihailo"]
[Result "0-1"]
[WhiteElo "2046"]
[BlackElo "2178"]
[PlyCount "136"]
[EventDate "2019.01.04"]
[EventType "swiss"]
[EventRounds "9"]
[EventCountry "SRB"]
[SourceTitle "CBM 188 Extra"]
[Source "ChessBase"]
[SourceDate "2019.02.26"]
[SourceVersion "1"]
[SourceVersionDate "2019.02.26"]
[SourceQuality "1"]

1. Nf3 Nf6 2. g3 g6 3. Bg2 Bg7 4. 0-0 0-0 5. c4 d6 6. d4 Nc6 7. d5 Na5 8. Nfd2 c5 9. Nc3 a6 10. Rb1 Rb8 11. a3 Ng4 12. Qc2 b5 13. cxb5 axb5 14. b4 cxb4 15. axb4 Qc7 16. Bb2 Bd7 17. h3 Nh6 18. Rfc1 Rbc8 19. Qd3 Nc4 20. Ba1 Ne5 21. Qc2 Nf5 22. e3 Qb6 23. Nb3 Nxe3 24. fxe3 Qxe3+ 25. Qf2 Qxf2+ 26. Kxf2 Nd3+ 27. Ke2 Nxc1+ 28. Rxc1 Rc7 29. Nd2 Rfc8 30. Kd3 Bf5+ 31. Nde4 h5 32. Bb2 Rc4 33. g4 hxg4 34. hxg4 Bxg4 35. Nf2 Bf5+ 36. Be4 Rd4+ 37. Ke3 Bxe4 38. Ncxe4 Rxc1 39. Bxd4 Bxd4+ 40. Kxd4 Rc4+ 41. Ke3 Rxb4 42. Nd3 Rb1 43. Nc3 Rb3 44. Kd4 Kg7 45. Nc1 Rb4+ 46. Ke3 Rc4 47. Kd3 Kf6 48. Nb3 Rb4 49. Nd4 Rb2 50. Ndxb5 Ke5 51. Nd4 f5 52. Nf3+ Kf6 53. Ne2 Rb3+ 54. Nc3 g5 55. Nd4 Rb8 56. Ne6 g4 57. Nf4 Rb4 58. Ke3 Rc4 59. Nce2 Re4+ 60. Kf2 Ke5 61. Ng6+ Kf6 62. Ngf4 Kg5 63. Kg3 Re3+ 64. Kg2 Ra3 65. Ne6+ Kf6 66. N6f4 Ke5 67. Ng6+ Kxd5 68. Nxe7+ Ke4 0-1

[Event "Belgrade ChessAmateur op 5th"]
[Site "Belgrade"]
[Date "2019.01.05"]
[Round "3"]
[White "Janjic, Jugoslav"]
[Black "Eric, Jovana"]
[Result "1-0"]
[WhiteElo "2046"]
[BlackElo "2234"]
[PlyCount "81"]
[EventDate "2019.01.04"]
[EventType "swiss"]
[EventRounds "9"]
[EventCountry "SRB"]
[SourceTitle "CBM 188 Extra"]
[Source "ChessBase"]
[SourceDate "2019.02.26"]
[SourceVersion "1"]
[SourceVersionDate "2019.02.26"]
[SourceQuality "1"]

1. e4 d6 2. d4 Nf6 3. Nc3 g6 4. f3 Nbd7 5. Be3 e5 6. Bc4 Bg7 7. Nge2 0-0 8. Qd2 exd4 9. Nxd4 Ne5 10. Be2 a6 11. Nd5 Nxd5 12. exd5 Qh4+ 13. Bf2 Qf6 14. 0-0 Bd7 15. Be3 Qe7 16. h3 Rae8 17. Bf2 g5 18. Rae1 Qf6 19. Bd3 h6 20. c3 Bc8 21. Bb1 Ng6 22. Qc2 Re5 23. Rxe5 dxe5 24. Ne2 Rd8 25. c4 c6 26. Ng3 cxd5 27. cxd5 Bd7 28. Ne4 Qe7 29. Bc5 Qe8 30. Nd6 Ba4 31. b3 Rxd6 32. Bxd6 Bb5 33. Rd1 Qd7 34. Qc7 Qxc7 35. Bxc7 Nf8 36. Bf5 Bd7 37. Bd3 f5 38. g4 fxg4 39. hxg4 Bc8 40. Re1 Nd7 41. Bf5 1-0

[Event "Belgrade Trophy 32nd"]
[Site "Belgrade"]
[Date "2018.11.29"]
[Round "6"]
[White "Weinzettl, Ernst"]
[Black "Janjic, Jugoslav"]
[Result "0-1"]
[WhiteElo "2204"]
[BlackElo "2012"]
[PlyCount "77"]
[EventDate "2018.11.24"]
[EventType "swiss"]
[EventRounds "9"]
[EventCountry "SRB"]
[SourceTitle "CBM 187 Extra"]
[Source "ChessBase"]
[SourceDate "2018.11.04"]
[SourceVersion "1"]
[SourceVersionDate "2018.11.04"]
[SourceQuality "1"]

1. e4 c5 2. Nc3 Nc6 3. Bb5 g6 4. Bxc6 dxc6 5. f4 Nf6 6. Nf3 Bg4 7. h3 Bxf3 8. Qxf3 Bg7 9. 0-0 0-0 10. d3 Ne8 11. Kh1 Nc7 12. f5 Nb5 13. Nd1 Nd4 14. Qf2 Nb5 15. Ne3 Qd4 16. Qh4 Qf6 17. Qe1 Qd4 18. Nc4 Qd7 19. Be3 Nd4 20. Qf2 b6 21. c3 Nb5 22. Rad1 Nd6 23. Nd2 Rad8 24. Qg3 Kh8 25. fxg6 fxg6 26. Nf3 Nf7 27. Rf2 Qe6 28. c4 h6 29. b3 Kh7 30. Bf4 g5 31. Bc7 Rd7 32. Qh2 Rc8 33. Bg3 Rcd8 34. Ne1 Ne5 35. Rfd2 b5 36. Qg1 bxc4 37. Bxe5 Bxe5 38. bxc4 Bc3 39. Rc2 0-1

[Event "Belgrade Trophy 32nd"]
[Site "Belgrade"]
[Date "2018.11.25"]
[Round "2"]
[White "Uysal, Burak"]
[Black "Janjic, Jugoslav"]
[Result "1/2-1/2"]
[WhiteElo "2215"]
[BlackElo "2012"]
[PlyCount "52"]
[EventDate "2018.11.24"]
[EventType "swiss"]
[EventRounds "9"]
[EventCountry "SRB"]
[SourceTitle "CBM 187 Extra"]
[Source "ChessBase"]
[SourceDate "2018.11.04"]
[SourceVersion "1"]
[SourceVersionDate "2018.11.04"]
[SourceQuality "1"]

1. e4 c5 2. Nf3 Nc6 3. d4 cxd4 4. Nxd4 Nf6 5. Nc3 g6 6. Nxc6 bxc6 7. e5 Ng8 8. f4 Bg7 9. Qf3 Nh6 10. Bc4 0-0 11. Be3 d5 12. exd6 Qxd6 13. Bb3 Nf5 14. Rd1 Qb4 15. Bd2 Nd4 16. Qf2 Nxb3 17. axb3 Bg4 18. Rc1 Rfd8 19. Nd1 Qe4+ 20. Be3 Qb4+ 21. Bd2 Qd6 22. Bc3 Rd7 23. Bxg7 Kxg7 24. 0-0 Qd2 25. Ne3 Qxf2+ 26. Rxf2 Rad8 1/2-1/2

[Event "Belgrade-chT"]
[Site "Belgrade"]
[Date "2017.05.11"]
[Round "2.4"]
[White "Bozovic, Vladimir"]
[Black "Janjic, Jugoslav"]
[Result "1-0"]
[WhiteElo "2155"]
[BlackElo "2019"]
[PlyCount "51"]
[EventDate "2017.05.10"]
[EventType "team-swiss"]
[EventRounds "5"]
[EventCountry "SRB"]
[SourceTitle "CBM 178 Extra"]
[Source "ChessBase"]
[SourceDate "2017.06.22"]
[SourceVersion "1"]
[SourceVersionDate "2017.06.22"]
[SourceQuality "1"]
[WhiteTeam "Teleoptik"]
[BlackTeam "Belgrade Tehnicka Skola"]
[WhiteTeamCountry "SRB"]
[BlackTeamCountry "SRB"]

1. e4 c5 2. Nf3 Nc6 3. Bb5 g6 4. 0-0 Bg7 5. Re1 Nf6 6. e5 Nd5 7. Nc3 Nc7 8. Bxc6 dxc6 9. Ne4 b6 10. Nf6+ Kf8 11. Ne4 Bg4 12. d3 Bxe5 13. Nxe5 Bxd1 14. Bh6+ Kg8 15. Nxc6 Qe8 16. Nf6+ exf6 17. Ne7+ Qxe7 18. Rxe7 Re8 19. Rxe8+ Nxe8 20. Rxd1 Ng7 21. Re1 Kf8 22. g4 Rg8 23. c3 g5 24. d4 cxd4 25. cxd4 f5 26. d5 1-0

[Event "Belgrade-chT"]
[Site "Belgrade"]
[Date "2017.05.10"]
[Round "1.4"]
[White "Janjic, Jugoslav"]
[Black "Ristic, Ilija"]
[Result "1/2-1/2"]
[WhiteElo "2019"]
[BlackElo "1576"]
[PlyCount "53"]
[EventDate "2017.05.10"]
[EventType "team-swiss"]
[EventRounds "5"]
[EventCountry "SRB"]
[SourceTitle "CBM 178 Extra"]
[Source "ChessBase"]
[SourceDate "2017.06.22"]
[SourceVersion "1"]
[SourceVersionDate "2017.06.22"]
[SourceQuality "1"]
[WhiteTeam "Belgrade Tehnicka Skola"]
[BlackTeam "Belgrade"]
[WhiteTeamCountry "SRB"]
[BlackTeamCountry "SRB"]

1. e4 c5 2. Nf3 Nc6 3. g3 Nf6 4. d3 d6 5. Bg2 e6 6. 0-0 Be7 7. c3 0-0 8. Re1 Qc7 9. d4 Nd7 10. Na3 a6 11. Nc2 b5 12. Ne3 Bb7 13. d5 Nce5 14. Nxe5 Nxe5 15. f4 Nd7 16. dxe6 fxe6 17. a4 c4 18. Nc2 Nc5 19. axb5 axb5 20. Rxa8 Rxa8 21. Nb4 Rd8 22. Nc2 Nd3 23. Re2 e5 24. Ne1 Nc5 25. Nc2 Nd3 26. Ne1 Nc5 27. Nc2 1/2-1/2

[Event "Belgrade Trophy 29th"]
[Site "Belgrade"]
[Date "2015.11.24"]
[Round "1"]
[White "Janjic, Jugoslav"]
[Black "Nabaty, Tamir"]
[Result "1/2-1/2"]
[WhiteElo "2034"]
[BlackElo "2603"]
[PlyCount "62"]
[EventDate "2015.11.24"]
[EventType "swiss"]
[EventRounds "9"]
[EventCountry "SRB"]
[SourceTitle "CBM 169 Extra"]
[Source "ChessBase"]
[SourceDate "2015.12.18"]
[SourceVersion "1"]
[SourceVersionDate "2015.12.18"]
[SourceQuality "1"]

1. e4 c5 2. Nf3 e6 3. d4 cxd4 4. Nxd4 Nc6 5. Nxc6 bxc6 6. Bd3 Nf6 7. 0-0 Qc7 8. Be3 Rb8 9. b3 d5 10. Nd2 Bd6 11. h3 h5 12. f4 Bb4 13. e5 Nd7 14. Qf3 d4 15. Bxd4 Bxd2 16. Qg3 g6 17. f5 gxf5 18. Qg7 Rh6 19. Rad1 Rg6 20. Qh8+ Ke7 21. Rxd2 c5 22. Bb2 Bb7 23. Qxh5 Rbg8 24. Qh4+ Kf8 25. Rff2 Nxe5 26. Bf1 Nd7 27. Qh5 Be4 28. Qd1 Ke7 29. Bd3 Nf6 30. Bxf6+ Rxf6 31. Bxe4 fxe4 1/2-1/2

[Event "Belgrade tt Cup"]
[Site "Belgrade"]
[Date "2015.04.20"]
[Round "1.2"]
[White "Janjic, Jugoslav"]
[Black "Vujadinovic, Milan"]
[Result "0-1"]
[WhiteElo "2050"]
[BlackElo "2146"]
[PlyCount "68"]
[EventDate "2015.04.20"]
[EventType "team-swiss"]
[EventRounds "5"]
[EventCountry "SRB"]
[SourceTitle "CBM 166 Extra"]
[Source "ChessBase"]
[SourceDate "2015.06.18"]
[SourceVersion "1"]
[SourceVersionDate "2015.06.18"]
[SourceQuality "1"]
[WhiteTeam "Bratstvo i Jedinstvo"]
[BlackTeam "PTT"]
[WhiteTeamCountry "SRB"]
[BlackTeamCountry "SRB"]

1. e4 g6 2. g3 Bg7 3. Bg2 d6 4. Nf3 c5 5. 0-0 Nc6 6. d3 e6 7. Nbd2 Nge7 8. Re1 0-0 9. c3 Rb8 10. a4 a6 11. Nf1 e5 12. Be3 b5 13. axb5 Rxb5 14. Bc1 h6 15. N3d2 f5 16. exf5 gxf5 17. f4 Kh7 18. Nc4 exf4 19. gxf4 d5 20. Ne5 Rb6 21. Nf3 Ng6 22. Ng3 d4 23. c4 Nb4 24. Nh5 Re8 25. Nxg7 Kxg7 26. Rxe8 Qxe8 27. Ra5 Qe7 28. Qd2 Re6 29. Ne5 Nxe5 30. fxe5 Nc6 31. Bxc6 Rxc6 32. Qf4 Rg6+ 33. Kf1 Qb7 34. Ke2 Qh1 0-1

[Event "Pozarevac City-chA"]
[Site "Pozarevac"]
[Date "2013.12.27"]
[Round "1"]
[White "Brankovic, Dejan"]
[Black "Janjic, Jugoslav"]
[Result "1-0"]
[WhiteElo "2361"]
[BlackElo "2051"]
[PlyCount "67"]
[EventDate "2013.12.27"]
[EventType "swiss"]
[EventRounds "5"]
[EventCountry "SRB"]
[SourceTitle "CBM 158 Extra"]
[Source "ChessBase"]
[SourceDate "2014.02.28"]
[SourceVersion "1"]
[SourceVersionDate "2014.02.28"]
[SourceQuality "1"]

1. e4 c5 2. Nf3 Nc6 3. Bb5 g6 4. 0-0 Nf6 5. Re1 Bg7 6. Bxc6 dxc6 7. h3 0-0 8. a4 b6 9. d3 Qc7 10. Nc3 e5 11. Be3 Nh5 12. a5 Bd7 13. Na4 Rab8 14. c3 Nf4 15. b4 cxb4 16. cxb4 Ne6 17. axb6 axb6 18. Nb2 Nd4 19. Nc4 Be6 20. Rc1 Rfd8 21. Bxd4 exd4 22. Ng5 Bxc4 23. Rxc4 b5 24. Rc2 Bf8 25. Rb2 Ra8 26. e5 Be7 27. Nf3 Ra3 28. Qd2 Qd7 29. Re4 Qa7 30. h4 c5 31. bxc5 Qxc5 32. h5 Qc3 33. Qxc3 Rxc3 34. Nxd4 1-0

[Event "Belgrade Trophy 26th"]
[Site "Belgrade"]
[Date "2012.12.02"]
[Round "9"]
[White "Aleksic, Ceda"]
[Black "Janjic, Jugoslav"]
[Result "0-1"]
[WhiteElo "1750"]
[BlackElo "2052"]
[PlyCount "78"]
[EventDate "2012.11.24"]
[EventType "swiss"]
[EventRounds "9"]
[EventCountry "SRB"]
[SourceTitle "EXT 2014"]
[Source "ChessBase"]
[SourceDate "2013.11.20"]
[SourceVersion "1"]
[SourceVersionDate "2013.11.20"]
[SourceQuality "1"]

1. e4 c5 2. Nf3 Nc6 3. d4 cxd4 4. Nxd4 g6 5. Nxc6 bxc6 6. Qd4 Nf6 7. e5 Ng8 8. e6 Nf6 9. exf7+ Kxf7 10. Bc4+ d5 11. Bd3 Bg7 12. Qh4 Qd7 13. h3 Qe6+ 14. Be3 d4 15. Qxd4 Nd5 16. Qc5 Bxb2 17. 0-0 Bxa1 18. c3 Nxe3 19. fxe3+ Ke8 20. Bc4 Qd6 21. Bf7+ Kd7 22. Qa5 e5 23. Na3 Bxc3 24. Qxc3 Ba6 25. Nc4 Bxc4 26. Bxc4 Rhf8 27. Rc1 Rab8 28. Bb3 Kc7 29. Rd1 Qe7 30. Bd5 Rb6 31. Qa5 Kb7 32. Bc4 Rd8 33. Rf1 Rd7 34. Rf7 Qd6 35. Rxd7+ Qxd7 36. Qxe5 Rb1+ 37. Kf2 Qd2+ 38. Kf3 Rb2 39. Qg3 Qd1+ 0-1